| 000 | 00371nam a2200133Ia 4500 | ||
|---|---|---|---|
| 008 | 230711s9999||||xx |||||||||||||| ||und|| | ||
| 041 | _aENG | ||
| 082 |
_a621.3 _bDU-V |
||
| 100 | _aDutta Roy ,S.C | ||
| 245 | 2 |
_aA video course on circuit theory _bL: 27.- Two Port Interconnections |
|
| 260 |
_c1995 _aNew Delhi _bIIT ,Delhi |
||
| 650 | _aElectrical Engineering | ||
| 942 | _cBK | ||
| 999 |
_c3193 _d3193 |
||